000 01365nam a22002897a 4500
003 OSt
005 20230201093224.0
007 cr ||||||a|c|a
008 230130s2021 mx a|||fom||| 001 0 spa d
040 _erda
100 1 _9185991
_aJiménez Ortiz, Nadia Alejandra
245 1 _aPotencialidades de la organización de mujeres del CIPO-RFM, para la construcción de otra economía en San Martín Itunyoso, Oaxaca :
_buna aproximación desde las epistemologías del Sur /
_cpor Nadia Alejandra Jiménez Ortiz; director de tesis María Almanza Sánchez.
264 1 _aChapingo, México :
_bEl autor,
_c2021.
300 _a1 recurso en línea (236 páginas).
_bfiguras, cuadros.
336 _2rdacontent
_atexto
_btxt
337 _2rdamedia
_acomputadora
_bc
338 _2rdacarrier
_arecurso en línea
_bcr
502 _bMCSR
_cSociología
_d2021.
_gMAE
504 _aIncluye referencias bibliográficas: páginas 209-223.
650 4 _9129167
_aMujeres
_xCondiciones económicas
650 4 _979379
_aMujer en comunidades rurales
_xOaxaca
650 4 _9127944
_aTriquis
_xEconomía
650 2 _9127940
_aTriquis
_xVida social y costumbres
700 1 _94485
_aAlmanza Sánchez, María
_eDirector de tesis.
856 _uhttp://10.13.5.2/tesis/tm/2021_SR_Jimenez_Ortiz_NadiaAlejandra.pdf
_zDESCARGAR PDF
942 _2Clasificación Universidad Autónoma Chapingo
_cTD
999 _c218182
_d218182